000
00227 a2200097 4500
001
28059
100
_a
UNESCO
245
_a
Higher education & develop in south east asia
260
_a
_b
NNESCO Pub
_c
1967
090
_c
18759
_d
18759
942
_a
NUST-CAE
_c
M
_c
9734
999
_c
263132
_d
263132